| 000 | 00000nam 2200000zi 4500 |
| 001 | 9.946402 |
| 003 | CaOODSP |
| 005 | 20241223100441 |
| 006 | m o d f |
| 007 | cr cn||||||||| |
| 008 | 241223t20002000oncao o f000 0 fre d |
| 020 | |z0662615557 |
| 040 | |aCaOODSP|bfre|erda|cCaOODSP |
| 041 | 0 |afre|beng|bfre |
| 043 | |an-cn--- |
| 086 | 1 |aCH4-1/4-2000F-PDF|zCH4-1/4-1995 |
| 245 | 03|aLe drapeau national du Canada : |bun profil. |
| 250 | |aRevisée. |
| 264 | 1|aOttawa : |bPatrimoine canadien = Canadian Heritage, |c2000. |
| 264 | 4|c©2000 |
| 300 | |a1 ressource en ligne (15 pages, 1 page non numérotée) : |billustrations, photographies |
| 336 | |atexte|btxt|2rdacontent/fre |
| 337 | |ainformatique|bc|2rdamedia/fre |
| 338 | |aressource en ligne|bcr|2rdacarrier/fre |
| 500 | |aComprend un addendum en français et en anglais. |
| 500 | |aPublié aussi en anglais sous le titre : The national flag of Canada : a profile. |
| 500 | |aÉdition numérisée de l'imprimée [par Direction des publications du Gouvernement du Canada]. |
| 500 | |aLe numéro de catalogue (CH4-1/4-1995) et ISBN (0662615557) imprimés dans cette publication sont incorrects. |
| 520 | |a« C'est le 15 février 1965, sur la colline du Parlement à Ottawa, que s'est déroulée la cérémonie d'inauguration du drapeau canadien, en présence du gouverneur général Georges Vanier, du premier ministre Lester B. Pearson et des membres du Cabinet, ainsi que de milliers de citoyens » -- Page 6. |
| 530 | |aÉgalement publié en version imprimée. |
| 546 | |aComprend du texte en anglais. |
| 650 | 6|aDrapeaux|zCanada. |
| 650 | 6|aFeuille d'érable (Emblème)|zCanada. |
| 710 | 1 |aCanada. |bPatrimoine canadien, |eorganisme de publication. |
| 775 | 08|tThe national flag of Canada : |w(CaOODSP)9.946401 |
| 776 | 0#|tLe drapeau national au Canada : |w(CaOODSP)9.671290 |
| 856 | 40|qPDF|s12.5 Mo|uhttps://publications.gc.ca/collections/collection_2024/pch/CH4-1-4-2000-fra.pdf |